Failure to launch ? The influence of limb autotomy on the escape behavior of a semiaquatic grasshopper Paroxya atlantica (Acrididae) /

Bewaard in:
Bibliografische gegevens
Hoofdauteur: Bateman, Philip W.
Andere auteurs: Fleming, Patricia A.
Formaat: Artikel
Taal:English
Onderwerpen:
Tags: Voeg label toe
Geen labels, Wees de eerste die dit record labelt!
Thư viện lưu trữ: Thư viện Trường Đại học Đà Lạt
LEADER 01001nam a2200313 4500
001 DLU110129862
005 ##20111223
040 # # |a DLU  |b eng 
041 # # |a eng 
044 # # |a us 
100 # # |a Bateman, Philip W. 
245 # # |a Failure to launch ? The influence of limb autotomy on the escape behavior of a semiaquatic grasshopper Paroxya atlantica (Acrididae) /  |c Philip W. Bateman, Patricia A. Fleming. 
653 # # |a Distance fled 
653 # # |a Escape tactics 
653 # # |a Escape trajectory 
653 # # |a Flight initiation distance 
653 # # |a Orthoptera 
653 # # |a Predation risk 
700 # # |a Fleming, Patricia A. 
773 # # |t Behavioral ecology  |g Vol. 22, no. 4 (July-August 2011), p. 763-768 
920 # # |a Phòng Tạp chí -- Trung tâm Thông tin - Thư viện Trường Đại học Đà Lạt 
994 # # |a DLU 
900 # # |a True 
911 # # |a Trương Bảo Trâm Anh 
925 # # |a G 
926 # # |a A 
927 # # |a BB 
980 # # |a Thư viện Trường Đại học Đà Lạt